| 000 | 00966nam a22003137a 4500 | ||
|---|---|---|---|
| 003 | CHAP | ||
| 005 | 20220329133555.0 | ||
| 008 | 971013s1989 co r 00010 eng d | ||
| 010 | _a8070 | ||
| 011 | _a9042 | ||
| 035 | _a8276 | ||
| 040 | _cCHAP | ||
| 082 | 0 | 4 |
_a635.65 _bS2 1989 |
| 100 | 0 | 0 |
_aSchwartz, Howard F. _eed. _9103280 |
| 245 | 1 | _aBean production problems in the tropics | |
| 250 | _a2 ed. | ||
| 260 |
_aCali : _bCentro Internacional de Agricultura Tropical, _c1989 |
||
| 300 |
_a654 p. _e+ anexo |
||
| 500 | _aIncluye anexo color plates | ||
| 590 |
_aBATCH-UPD _b10 _c20130110 _lUCH01 _h1629 |
||
| 590 |
_aCONVERSION _b10 _c20130109 _lUCH01 _h1305 |
||
| 650 | 1 | 4 |
_aFrijol _xEnfermedades. _943367 |
| 650 | 1 | 4 |
_aFrijol _xPlagas. _943415 |
| 650 | 1 | 4 |
_aFrijol _xRendimiento. _943429 |
| 700 | 0 |
_aPastor Corrales, Marcial A. _eed. _985972 |
|
| 901 | _aBK | ||
| 942 | _cLIBRO | ||
| 949 |
_a635.65 S2 1989 _bBC _cLIBRO _d33724000263208 _eLIBRO _gI.c/e _h84311 _i8276 _si |
||
| 999 |
_c8070 _d8070 |
||